000 00348nam a2200133Ia 4500
008 240624s9999 xx 000 0 und d
041 _aeng
082 _a658.404 BOL
100 _aBOLLES DENNIS L
245 _aPOWER OF ENTERPRISE WIDE PROJECT MANAGEM
260 _c2007
_aNew York
_bAMACOM
300 _axxv, : 319 : p. : cm. ; 23
365 _c
_b28
999 _c21311
_d21311